Evaluación de la confiabilidad de la readecuación del aislamiento de una línea de transmisión existente

Wedi'i Gadw mewn:
Manylion Llyfryddiaeth
Prif Awdur: Castillo Arias, Jaime Andrés
Fformat: Llyfr
Cyhoeddwyd: San José, C.R. 1996
Pynciau:
Tagiau: Ychwanegu Tag
Dim Tagiau, Byddwch y cyntaf i dagio'r cofnod hwn!

MARC

LEADER 00000nam a2200000Ia 4500
003 008046
005 20221231144237.0
008 140114s1996 cr a m 000 ||s d
040 |c cru CEDI 
090 |a TFG 3534 
100 |a Castillo Arias, Jaime Andrés  |9 9800 
245 |a Evaluación de la confiabilidad de la readecuación del aislamiento de una línea de transmisión existente 
260 |c 1996  |a  San José, C.R. 
300 |a  vi, [114] hojas : ilustraciones  
500 |a Proyecto de graduación (licenciatura en ingeniería eléctrica)--Universidad de Costa Rica. Facultad de Ingeniería. Escuela de Ingeniería Eléctrica 
650 |x AISLADORES ELECTRICOS   |x LINEAS ELECTRICAS  |9 9801 
942 |c TFG 
999 |c 18970  |d 18970